| 000 | 01372nam a22003377a 4500 | ||
|---|---|---|---|
| 999 |
_c8105 _d8105 |
||
| 001 | 21610 | ||
| 003 | BD-DhUAP | ||
| 005 | 20220620132015.0 | ||
| 008 | 090406s20002010enk b 001 0 eng d | ||
| 020 | _a9788130912790 | ||
| 040 |
_aDLC _cDLC _dBD-DhUAP _dBD-DhUAP _beng |
||
| 082 | 0 | 0 |
_a820.99171241 McL _221 |
| 100 | 1 |
_aMcLeod, John, _d1969- _941257 |
|
| 245 | 1 | 0 |
_aBeginning postcolonialism / _cJohn McLeod. |
| 260 |
_aManchester, U.K. ; _aNew York : _bManchester University Press : _bDistributed exclusively in the USA by St. Martin's Press, _c2000. |
||
| 300 |
_axii, 274 pages ; _c20 cm. |
||
| 490 | 1 | _aBeginnings | |
| 504 | _aIncludes bibliographical references (pages [261]-268) and index. | ||
| 650 | 0 |
_aCommonwealth literature (English) _xHistory and criticism. _941258 |
|
| 650 | 0 |
_aEnglish literature _y19th century _xHistory and criticism. _941259 |
|
| 650 | 0 |
_aEnglish literature _y20th century _xHistory and criticism. _941260 |
|
| 650 | 0 |
_aPostcolonialism _zCommonwealth countries. _941261 |
|
| 650 | 0 |
_aPostcolonialism in literature. _941262 |
|
| 650 | 0 |
_aImperialism in literature. _941263 |
|
| 650 | 0 |
_aColonies in literature. _941264 |
|
| 651 | 0 |
_aCommonwealth countries _xIn literature. _941265 |
|
| 651 | 0 |
_aDeveloping countries _xIn literature. _941266 |
|
| 830 | 0 |
_aBeginnings (Manchester, England) _941267 |
|
| 942 | 0 | 0 |
_01 _2ddc _cBK |